[Event "Moscow-ch rapid (Women)"]
[Site "Moscow"]
[Date "2020.11.07"]
[Round "6"]
[White "Orshonova, Elena"]
[Black "Shcherbakova, Vera"]
[Result "1-0"]
[WhiteElo "1987"]
[BlackElo "1499"]
[PlyCount "83"]
[EventDate "2020.11.07"]
[EventType "swiss (rapid)"]
[EventRounds "9"]
[EventCountry "RUS"]
[SourceTitle "CBM 199 Extra"]
[Source "ChessBase"]
[SourceDate "2021.01.31"]
[SourceVersion "1"]
[SourceVersionDate "2021.01.31"]
[SourceQuality "1"]

1. e4 c5 2. Nf3 d6 3. c3 Nf6 4. d3 e5 5. Be2 Nc6 6. 0-0 Be7 7. Nbd2 0-0 8. Re1 h6 9. Nf1 Nh7 10. Ng3 Bg4 11. h3 Bxf3 12. Bxf3 Bg5 13. Nf5 Ne7 14. Ne3 Nf6 15. g3 Ng6 16. h4 Bxe3 17. Bxe3 b5 18. Bg2 Rb8 19. h5 Ne7 20. Qf3 Qd7 21. Bxh6 Qg4 22. Qxg4 Nxg4 23. Bg5 Nc6 24. Bh3 Nh6 25. Bd7 Rb6 26. a4 b4 27. a5 Ra6 28. Ra4 f6 29. Bxh6 gxh6 30. Rea1 bxc3 31. bxc3 Rd8 32. Be6+ Kf8 33. Bc4 Rxa5 34. Rxa5 Nxa5 35. Rxa5 Rd7 36. Rb5 Kg7 37. Rb8 Kh7 38. Kg2 Rg7 39. Rd8 Rg5 40. Rd7+ Kh8 41. Rxd6 Rxh5 42. Rxf6 1-0

[Event "Moscow-ch rapid (Women)"]
[Site "Moscow"]
[Date "2020.11.07"]
[Round "8"]
[White "Zvereva, Margarita"]
[Black "Orshonova, Elena"]
[Result "0-1"]
[WhiteElo "1937"]
[BlackElo "1987"]
[PlyCount "108"]
[EventDate "2020.11.07"]
[EventType "swiss (rapid)"]
[EventRounds "9"]
[EventCountry "RUS"]
[SourceTitle "CBM 199 Extra"]
[Source "ChessBase"]
[SourceDate "2021.01.31"]
[SourceVersion "1"]
[SourceVersionDate "2021.01.31"]
[SourceQuality "1"]

1. d4 Nf6 2. Nf3 g6 3. Nbd2 Bg7 4. e4 d6 5. Bd3 Nbd7 6. 0-0 e5 7. c3 0-0 8. h3 c6 9. a4 Re8 10. Re1 Nf8 11. Nc4 exd4 12. cxd4 d5 13. exd5 Rxe1+ 14. Qxe1 Nxd5 15. Nce5 h6 16. Bc4 Be6 17. Bd2 Qd6 18. Qc1 Kh7 19. Qc2 a5 20. Re1 f6 21. Nd3 Bf5 22. Qc1 g5 23. Nc5 b6 24. Ne4 Qd7 25. Ng3 Bg6 26. Bc3 b5 27. axb5 cxb5 28. Bxd5 Qxd5 29. Re7 Rc8 30. Qe3 b4 31. Bd2 b3 32. Bc3 a4 33. Ne2 Kg8 34. Nc1 Nd7 35. Nh2 Bf8 36. Re6 Bf7 37. Ra6 Qc4 38. Ra7 Nb6 39. Qf3 Nd5 40. Ng4 Bg7 41. Ne2 Re8 42. Ne3 Nxe3 43. fxe3 Bd5 44. Qf2 Qd3 45. Ng3 Qxe3 46. Qxe3 Rxe3 47. Kf2 Rxc3 48. Rxa4 Rc2+ 49. Ke3 Rxb2 50. Ne2 f5 51. Nc3 f4+ 52. Kd3 Bxg2 53. Rb4 Bxh3 54. Na4 Bf5+ 0-1

[Event "St Petersburg rapid"]
[Site "St Petersburg"]
[Date "2018.08.25"]
[Round "1"]
[White "Orshonova, Elena"]
[Black "Kokarev, Dmitry"]
[Result "0-1"]
[WhiteElo "2047"]
[BlackElo "2608"]
[PlyCount "112"]
[EventDate "2018.08.25"]
[EventType "swiss (rapid)"]
[EventRounds "11"]
[EventCountry "RUS"]
[SourceTitle "CBM 186 Extra"]
[Source "ChessBase"]
[SourceDate "2018.08.24"]
[SourceVersion "1"]
[SourceVersionDate "2018.08.24"]
[SourceQuality "1"]

1. e4 c5 2. Nf3 d6 3. d4 cxd4 4. Nxd4 Nf6 5. Nc3 a6 6. Bg5 e6 7. f4 Be7 8. Qf3 Nbd7 9. 0-0-0 Qc7 10. g4 h6 11. Bxf6 Bxf6 12. Kb1 Qb6 13. Nb3 Nc5 14. Bg2 Nxb3 15. axb3 Bd7 16. h4 0-0-0 17. g5 Be7 18. Na4 Qc7 19. Qe3 Kb8 20. Rd3 hxg5 21. hxg5 Rxh1+ 22. Bxh1 Bc6 23. Nb6 Rh8 24. Bf3 Rh3 25. Qf2 g6 26. Nc4 Bb5 27. Rc3 Bc6 28. Qg2 Rh8 29. e5 d5 30. Nd2 Rd8 31. Re3 a5 32. Re1 Bc5 33. Qe2 Qb6 34. c3 Bf2 35. Rd1 Be3 36. Nc4 dxc4 37. Rxd8+ Qxd8 38. Bxc6 cxb3 39. Ba4 Bxf4 40. Bxb3 Qxg5 41. Qb5 Qd8 42. Bc2 Qc7 43. Be4 Ka7 44. c4 Qb6 45. Qd7 Bxe5 46. Qd2 f5 47. Bd3 g5 48. Ka2 g4 49. b3 g3 50. Bf1 Qd4 51. Qxd4+ Bxd4 52. Kb1 Kb6 53. Kc2 Kc5 54. Kd3 e5 55. Bg2 e4+ 56. Kc2 Kd6 0-1

[Event "St Petersburg Korchnoi Memorial op"]
[Site "St Petersburg"]
[Date "2018.08.19"]
[Round "5"]
[White "Solozhenkina, Elizaveta"]
[Black "Orshonova, Elena"]
[Result "1-0"]
[WhiteElo "2294"]
[BlackElo "2047"]
[PlyCount "129"]
[EventDate "2018.08.15"]
[EventType "swiss"]
[EventRounds "9"]
[EventCountry "RUS"]
[SourceTitle "CBM 186 Extra"]
[Source "ChessBase"]
[SourceDate "2018.08.24"]
[SourceVersion "1"]
[SourceVersionDate "2018.08.24"]
[SourceQuality "1"]

1. e4 e5 2. Nf3 Nc6 3. Bb5 Nf6 4. 0-0 Nxe4 5. d4 Nd6 6. Bxc6 dxc6 7. dxe5 Nf5 8. Qxd8+ Kxd8 9. Nc3 Be7 10. h3 h6 11. b3 Ke8 12. Bb2 a6 13. Ne4 Be6 14. c4 Rd8 15. Rad1 Rxd1 16. Rxd1 h5 17. Nfg5 Bc8 18. g3 Rh6 19. Bc1 Rg6 20. Kg2 c5 21. Nf3 b5 22. Nc3 Bb7 23. Nd5 Bd8 24. Kf1 bxc4 25. bxc4 a5 26. Ke2 Re6 27. Bb2 g5 28. g4 hxg4 29. hxg4 Nd4+ 30. Bxd4 cxd4 31. Rxd4 c6 32. Ne3 c5 33. Rd3 Bxf3+ 34. Kxf3 Rxe5 35. a4 Bc7 36. Nd5 Kd7 37. Nc3+ Kc6 38. Ne4 f5 39. Nxg5 fxg4+ 40. Kxg4 Re2 41. f4 Ra2 42. Ne6 Rxa4 43. Nxc7 Kxc7 44. f5 Rxc4+ 45. Kg5 Rd4 46. Re3 c4 47. f6 Rd3 48. f7 Rxe3 49. f8Q Re5+ 50. Kf4 Rd5 51. Ke4 Rd6 52. Qa8 Kb6 53. Qb8+ Kc6 54. Qa8+ Kb6 55. Ke5 Rd3 56. Qb8+ Kc6 57. Ke4 Kc5 58. Qa7+ Kb5 59. Qb7+ Kc5 60. Qa6 Kb4 61. Qb6+ Ka4 62. Qc5 Rb3 63. Kd4 Rb5 64. Qc6 c3 65. Kxc3 1-0

[Event "St Petersburg Korchnoi Memorial op"]
[Site "St Petersburg"]
[Date "2018.08.16"]
[Round "2"]
[White "Orshonova, Elena"]
[Black "Serov, Aleksandr"]
[Result "1-0"]
[WhiteElo "2047"]
[BlackElo "1712"]
[PlyCount "115"]
[EventDate "2018.08.15"]
[EventType "swiss"]
[EventRounds "9"]
[EventCountry "RUS"]
[SourceTitle "CBM 186 Extra"]
[Source "ChessBase"]
[SourceDate "2018.08.24"]
[SourceVersion "1"]
[SourceVersionDate "2018.08.24"]
[SourceQuality "1"]

1. e4 c6 2. d4 d5 3. e5 Bf5 4. Nf3 e6 5. Be2 c5 6. c3 Nc6 7. 0-0 cxd4 8. cxd4 Nge7 9. a3 Ng6 10. b4 Be7 11. Re1 0-0 12. Nc3 Rc8 13. Bb2 f6 14. exf6 Bxf6 15. Qd2 Nh4 16. Nxh4 Bxh4 17. Bf1 Qf6 18. Nd1 Be4 19. g3 Ne7 20. Rxe4 dxe4 21. gxh4 Nf5 22. Qg5 Nxh4 23. Qxf6 Rxf6 24. Nc3 Nf3+ 25. Kh1 Nxh2 26. Nxe4 Rh6 27. Bd3 Nf3+ 28. Kg2 Nh4+ 29. Kf1 Ng6 30. Ng3 Nf4 31. Be4 Nd5 32. Bc1 Rh4 33. Bg5 Rg4 34. Bd2 Rc4 35. Re1 Rxd4 36. Bc1 Rc4 37. Bb2 Rc7 38. Bb1 Kf7 39. Be5 Rd7 40. Ne4 Nf6 41. Nc5 Rd2 42. Nxe6 Rh4 43. Ng5+ Kg8 44. Nf3 Rh1+ 45. Ng1 Rd7 46. Rc1 Kf7 47. Kg2 Rh5 48. Nf3 g5 49. Bb8 Kg7 50. Bxa7 g4 51. Nd4 Rh3 52. Nf5+ Kf8 53. Ne3 Rh5 54. Bf5 Rd8 55. Rc7 Kg8 56. Rxb7 Ne8 57. Be6+ Kh8 58. Nf5 1-0

[Event "Moscow op-F 14th"]
[Site "Moscow"]
[Date "2018.01.28"]
[Round "3"]
[White "Orshonova, Elena"]
[Black "Borisenko, Viacheslav"]
[Result "0-1"]
[WhiteElo "2047"]
[BlackElo "2330"]
[PlyCount "54"]
[EventDate "2018.01.26"]
[EventType "swiss"]
[EventRounds "9"]
[EventCountry "RUS"]
[SourceTitle "CBM 182 Extra"]
[Source "ChessBase"]
[SourceDate "2018.02.23"]
[SourceVersion "1"]
[SourceVersionDate "2018.02.23"]
[SourceQuality "1"]

1. d4 Nc6 2. Nf3 d6 3. g3 g6 4. Bg2 Bg7 5. 0-0 Nf6 6. c4 Bg4 7. h3 Bxf3 8. Bxf3 Nd7 9. e3 e5 10. d5 Ne7 11. Nc3 0-0 12. Bg2 f5 13. f4 e4 14. Ne2 c5 15. a4 a6 16. a5 b5 17. axb6 Qxb6 18. Qa4 Ra7 19. Ra2 Rb8 20. Bd2 Qb3 21. Nc3 Bxc3 22. Qxb3 Rxb3 23. Bxc3 Nb6 24. Rfa1 Nxc4 25. Kf2 Nxd5 26. Bf1 Ndxe3 27. Re1 Nxf1 0-1

[Event "Moscow op-F 14th"]
[Site "Moscow"]
[Date "2018.01.27"]
[Round "2"]
[White "Fotin, Vladimir"]
[Black "Orshonova, Elena"]
[Result "0-1"]
[WhiteElo "2315"]
[BlackElo "2047"]
[PlyCount "134"]
[EventDate "2018.01.26"]
[EventType "swiss"]
[EventRounds "9"]
[EventCountry "RUS"]
[SourceTitle "CBM 182 Extra"]
[Source "ChessBase"]
[SourceDate "2018.02.23"]
[SourceVersion "1"]
[SourceVersionDate "2018.02.23"]
[SourceQuality "1"]

1. d4 d5 2. Nf3 Nf6 3. c4 c6 4. e3 e6 5. b3 Nbd7 6. Bb2 Be7 7. Bd3 0-0 8. Nc3 dxc4 9. bxc4 Qa5 10. 0-0 Re8 11. Qc2 Bd6 12. Rfe1 h6 13. h3 e5 14. Rad1 a6 15. c5 Bb8 16. Ne4 Nxe4 17. Bxe4 Nf6 18. Nxe5 Nxe4 19. Qxe4 Qxa2 20. Qc2 Be6 21. Ra1 Qd5 22. e4 Qd8 23. Rad1 Qg5 24. Re3 Bc7 25. Qe2 Rad8 26. Rg3 Qf6 27. Rf3 Qh4 28. Re3 f6 29. Nf3 Qh5 30. d5 cxd5 31. e5 f5 32. Qc2 f4 33. Rb3 Bf5 34. Qd2 Be4 35. Qxf4 Bc2 36. Rxb7 Bxd1 37. Rxc7 Bxf3 38. gxf3 Qg6+ 39. Kh2 Rb8 40. Bd4 Rb1 41. Qg4 Qxg4 42. fxg4 Rd1 43. Be3 Rxe5 44. Rd7 Re6 45. Kg3 Rf6 46. h4 Rg1+ 47. Kh2 Rxg4 48. Kh3 h5 49. Rxd5 Rf3+ 50. Kh2 Rxh4+ 51. Kg2 Rf6 52. Kg3 Rg4+ 53. Kh3 g6 54. Rd7 a5 55. Ra7 a4 56. Kh2 Kf8 57. f4 Re6 58. c6 Rxe3 59. c7 Rc3 60. Ra8+ Kf7 61. c8R Rxc8 62. Rxc8 Rxf4 63. Rc6 Kg7 64. Ra6 Kh6 65. Ra5 h4 66. Kh3 g5 67. Ra8 Kg6 0-1

[Event "Uppsala Young Champions"]
[Site "Uppsala"]
[Date "2017.11.01"]
[Round "9"]
[White "Orshonova, Elena"]
[Black "Storme, Isak"]
[Result "1-0"]
[WhiteElo "2015"]
[BlackElo "2144"]
[PlyCount "73"]
[EventDate "2017.10.27"]
[EventType "swiss"]
[EventRounds "9"]
[EventCountry "SWE"]
[SourceTitle "CBM 181 Extra"]
[Source "ChessBase"]
[SourceDate "2017.12.12"]
[SourceVersion "1"]
[SourceVersionDate "2017.12.12"]
[SourceQuality "1"]

1. e4 e5 2. Nf3 Nc6 3. Bb5 a6 4. Ba4 Nf6 5. 0-0 Be7 6. Re1 b5 7. Bb3 d6 8. c3 0-0 9. h3 Rb8 10. d4 exd4 11. cxd4 d5 12. e5 Ne4 13. Nc3 Nxc3 14. bxc3 Bf5 15. Bf4 Na5 16. Bc2 Qd7 17. Nd2 b4 18. Ba4 Qe6 19. Rc1 c5 20. dxc5 Bxc5 21. Nb3 Nxb3 22. Bxb3 bxc3 23. Bxd5 Qb6 24. Qf3 Be6 25. Bg3 Bxd5 26. Qxd5 Rfd8 27. Qf3 Qe6 28. Rxc3 Bb4 29. Rc6 Qxa2 30. Rec1 Rb5 31. R1c2 Qa1+ 32. Kh2 Rbd5 33. Rc7 R5d7 34. Rxd7 Rxd7 35. e6 Ra7 36. Rc8+ Bf8 37. Bd6 1-0

[Event "GER-ch U25-A"]
[Site "Willingen"]
[Date "2017.06.09"]
[Round "8"]
[White "Hofmann, Marko"]
[Black "Orshonova, Elena"]
[Result "0-1"]
[WhiteElo "1846"]
[BlackElo "2019"]
[PlyCount "62"]
[EventDate "2017.06.04"]
[EventType "swiss"]
[EventRounds "9"]
[EventCountry "GER"]
[SourceTitle "CBM 178 Extra"]
[Source "ChessBase"]
[SourceDate "2017.06.22"]
[SourceVersion "1"]
[SourceVersionDate "2017.06.22"]
[SourceQuality "1"]

1. d4 d5 2. e4 e6 3. exd5 exd5 4. Bd3 Bd6 5. Ne2 Ne7 6. Bf4 0-0 7. Nbc3 c6 8. Qd2 Ng6 9. Bxd6 Qxd6 10. h4 Re8 11. 0-0-0 Nd7 12. h5 Ngf8 13. g4 Nb6 14. g5 Nc4 15. Bxc4 dxc4 16. Rh4 b5 17. Rg1 Bf5 18. Ng3 Qd7 19. Rf4 Bh3 20. Nge4 b4 21. Ne2 Qd5 22. f3 Bf5 23. N2g3 c3 24. bxc3 Qxa2 25. Kd1 bxc3 26. Qc1 Bxe4 27. Nxe4 Ne6 28. Rxf7 Kxf7 29. g6+ hxg6 30. Rxg6 Rad8 31. Rxe6 Rxd4+ 0-1

[Event "GER-ch U25-A"]
[Site "Willingen"]
[Date "2017.06.08"]
[Round "7"]
[White "Orshonova, Elena"]
[Black "Schilay, Lorenz"]
[Result "1-0"]
[WhiteElo "2019"]
[BlackElo "1813"]
[PlyCount "149"]
[EventDate "2017.06.04"]
[EventType "swiss"]
[EventRounds "9"]
[EventCountry "GER"]
[SourceTitle "CBM 178 Extra"]
[Source "ChessBase"]
[SourceDate "2017.06.22"]
[SourceVersion "1"]
[SourceVersionDate "2017.06.22"]
[SourceQuality "1"]

1. e4 e5 2. Nf3 Nc6 3. Bb5 a6 4. Ba4 d6 5. c3 f5 6. exf5 Bxf5 7. 0-0 Nf6 8. d4 b5 9. Bb3 e4 10. Re1 Be7 11. Nh4 Bg4 12. f3 exf3 13. Nxf3 d5 14. Qd3 Bxf3 15. Qxf3 0-0 16. Nd2 Na5 17. Bc2 Nc4 18. Nxc4 bxc4 19. Qh3 g6 20. Bh6 Rf7 21. Re6 Qd7 22. Rae1 Bf8 23. Bg5 Bg7 24. b3 cxb3 25. axb3 c6 26. Bxf6 Bxf6 27. b4 Raf8 28. Ba4 Qa7 29. Qd3 a5 30. bxa5 c5 31. Be8 Rc7 32. Ra6 Re7 33. Rf1 c4 34. Rxa7 cxd3 35. Rxe7 Bxe7 36. Rxf8+ Kxf8 37. Ba4 Bd8 38. a6 Bb6 39. Kf2 Ke7 40. Ke3 Kd6 41. Kxd3 Ba7 42. Ke3 Ke6 43. Be8 Ke7 44. Bc6 Kd6 45. Bb7 Ke6 46. Kf4 h6 47. Bc8+ Kf6 48. h4 Bb8+ 49. Kg4 Ba7 50. h5 g5 51. Kf3 Ke7 52. Ke3 Kd6 53. Kd3 Kc7 54. Bb7 Kd6 55. c4 dxc4+ 56. Kxc4 Bb6 57. g4 Ba7 58. Kd3 Bb6 59. Ke4 Ba7 60. d5 Bc5 61. Kf5 Kc7 62. Kg6 Bf8 63. Kf7 Bd6 64. Kg7 Bf4 65. Kxh6 Kb8 66. Kg6 Ka7 67. h6 Be3 68. h7 Bb6 69. h8Q Bd8 70. Bc8 Bc7 71. Qd4+ Kb8 72. a7+ Ka8 73. d6 Bb6 74. Qd5+ Kxa7 75. Qb7# 1-0

[Event "Moscow op-F 13th"]
[Site "Moscow"]
[Date "2017.02.03"]
[Round "8"]
[White "Shmelev, Dmitry"]
[Black "Orshonova, Elena"]
[Result "1/2-1/2"]
[WhiteElo "2128"]
[BlackElo "1968"]
[PlyCount "79"]
[EventDate "2017.01.27"]
[EventType "swiss"]
[EventRounds "9"]
[EventCountry "RUS"]
[SourceTitle "CBM 176 Extra"]
[Source "ChessBase"]
[SourceDate "2017.03.02"]
[SourceVersion "1"]
[SourceVersionDate "2017.03.02"]
[SourceQuality "1"]

1. b3 e5 2. Bb2 Nc6 3. e3 Nf6 4. Bb5 d6 5. d4 Bd7 6. dxe5 dxe5 7. Nf3 e4 8. Nd4 Nxd4 9. Bxd7+ Qxd7 10. Qxd4 0-0-0 11. Qxd7+ Nxd7 12. Nc3 Bb4 13. Ke2 Bxc3 14. Bxc3 f6 15. Bd4 c5 16. Bb2 Kc7 17. Rad1 Nb8 18. f3 Rxd1 19. Rxd1 Re8 20. Rd5 Kc6 21. fxe4 Rxe4 22. Rd8 Nd7 23. Kf3 Re7 24. Rh8 h6 25. h3 Kd5 26. c4+ Kd6 27. g4 Ne5+ 28. Bxe5+ Kxe5 29. Rd8 b6 30. Rd5+ Ke6 31. h4 g6 32. Rd8 Kf7 33. e4 Re8 34. Rd5 Ke6 35. h5 g5 36. Ke3 a5 37. a4 Rf8 38. Kf3 Re8 39. Rd3 Rf8 40. Ke3 1/2-1/2

[Event "Moscow op-F 13th"]
[Site "Moscow"]
[Date "2017.01.30"]
[Round "4"]
[White "Ivlev, Aleksey"]
[Black "Orshonova, Elena"]
[Result "1-0"]
[WhiteElo "2259"]
[BlackElo "1968"]
[PlyCount "75"]
[EventDate "2017.01.27"]
[EventType "swiss"]
[EventRounds "9"]
[EventCountry "RUS"]
[SourceTitle "CBM 176 Extra"]
[Source "ChessBase"]
[SourceDate "2017.03.02"]
[SourceVersion "1"]
[SourceVersionDate "2017.03.02"]
[SourceQuality "1"]

1. d4 Nf6 2. c4 g6 3. Nc3 Bg7 4. e4 d6 5. Nf3 0-0 6. Be2 e5 7. d5 Nbd7 8. Bg5 h6 9. Bh4 Re8 10. Nd2 Nf8 11. f3 g5 12. Bf2 Ng6 13. g3 Bd7 14. b4 Nh7 15. 0-0 f5 16. exf5 Bxf5 17. Nde4 Nf6 18. Bd3 Nxe4 19. Nxe4 Rf8 20. Be3 Ne7 21. g4 Bh7 22. Rc1 Kh8 23. a4 c6 24. Bb1 cxd5 25. cxd5 Bg8 26. Nc3 Rc8 27. Be4 a6 28. Qd3 Qd7 29. Kg2 Bf6 30. h4 gxh4 31. Bxh6 Rf7 32. Rh1 Bh7 33. Be3 Rg8 34. Bxh7 Rxh7 35. Ne4 Rg6 36. Nxf6 Rxf6 37. Bg5 Ng6 38. Bxf6+ 1-0

[Event "Moscow-chT"]
[Site "Moscow"]
[Date "2016.10.23"]
[Round "4.3"]
[White "Orshonova, Elena"]
[Black "Makarian, Rudik"]
[Result "0-1"]
[WhiteElo "2039"]
[BlackElo "1926"]
[PlyCount "70"]
[EventDate "2016.10.18"]
[EventType "team-swiss"]
[EventRounds "9"]
[EventCountry "RUS"]
[SourceTitle "CBM 175 Extra"]
[Source "ChessBase"]
[SourceDate "2016.12.12"]
[SourceVersion "1"]
[SourceVersionDate "2016.12.12"]
[SourceQuality "1"]
[WhiteTeam "RGSU"]
[BlackTeam "Russia Chess School"]
[WhiteTeamCountry "RUS"]
[BlackTeamCountry "RUS"]

1. e4 e6 2. d4 d5 3. e5 c5 4. c3 Ne7 5. Nf3 Nec6 6. a3 c4 7. Be2 Be7 8. 0-0 0-0 9. Re1 Nd7 10. Nbd2 f6 11. exf6 Bxf6 12. Nf1 e5 13. dxe5 Ndxe5 14. Ng3 Nxf3+ 15. Bxf3 d4 16. Ne4 d3 17. Nxf6+ Qxf6 18. Bd5+ Kh8 19. Be3 Bf5 20. Bxc4 Rad8 21. f4 Qg6 22. Qd2 Rfe8 23. Qf2 Re4 24. Ba2 Be6 25. b3 Qf6 26. Bd2 Bf5 27. Rxe4 Bxe4 28. Re1 Bd5 29. Qe3 h6 30. Bb1 Bxb3 31. Bxd3 Qd6 32. Bf5 Qxd2 33. Qxd2 Rxd2 34. Re8+ Bg8 35. Be6 Rd8 0-1

[Event "Moscow-chT"]
[Site "Moscow"]
[Date "2016.10.18"]
[Round "1.4"]
[White "Elishev, Ivan"]
[Black "Orshonova, Elena"]
[Result "1-0"]
[WhiteElo "2119"]
[BlackElo "2039"]
[PlyCount "113"]
[EventDate "2016.10.18"]
[EventType "team-swiss"]
[EventRounds "9"]
[EventCountry "RUS"]
[SourceTitle "CBM 175 Extra"]
[Source "ChessBase"]
[SourceDate "2016.12.12"]
[SourceVersion "1"]
[SourceVersionDate "2016.12.12"]
[SourceQuality "1"]
[WhiteTeam "Automatika"]
[BlackTeam "RGSU"]
[WhiteTeamCountry "RUS"]
[BlackTeamCountry "RUS"]

1. e4 c5 2. b4 cxb4 3. d4 d5 4. e5 Bf5 5. a3 e6 6. axb4 Bxb4+ 7. c3 Be7 8. Ne2 Nc6 9. Ng3 Bg6 10. Nh5 Bf8 11. Nf4 Bf5 12. h4 Be7 13. h5 Nh6 14. Be2 Bxb1 15. Rxb1 Qc7 16. g4 0-0-0 17. Nd3 Na5 18. Qa4 Kb8 19. Rb5 Nc4 20. Nc5 Nb6 21. Qa5 Rc8 22. 0-0 Bxc5 23. Rxc5 Qe7 24. Kg2 Nc4 25. Rxc4 Rxc4 26. Bxc4 dxc4 27. f3 Rc8 28. Ba3 Qd8 29. Bd6+ Ka8 30. Qb5 Rc6 31. Ra1 a6 32. d5 exd5 33. Qxd5 f6 34. Rd1 fxe5 35. Bxe5 Qxd5 36. Rxd5 Nf7 37. Bxg7 Rc7 38. Bd4 b5 39. g5 Kb7 40. g6 hxg6 41. hxg6 Nh6 42. g7 Ng8 43. Be5 Rc8 44. f4 b4 45. cxb4 c3 46. Rd1 c2 47. Rc1 Kb6 48. f5 Kb5 49. f6 Nh6 50. Bd6 a5 51. bxa5 Kxa5 52. Bf8 Rc7 53. Be7 Rc8 54. Kf3 Ka4 55. Rxc2 Rxc2 56. f7 Rc3+ 57. Ke4 1-0

[Event "World Amateur-ch U2300"]
[Site "Chalkidiki"]
[Date "2016.04.27"]
[Round "9"]
[White "Tserendorj, Batsaikhan"]
[Black "Orshonova, Elena"]
[Result "1-0"]
[WhiteElo "2081"]
[BlackElo "2116"]
[PlyCount "81"]
[EventDate "2016.04.19"]
[EventType "swiss"]
[EventRounds "9"]
[EventCountry "GRE"]
[SourceTitle "CBM 172 Extra"]
[Source "ChessBase"]
[SourceDate "2016.06.21"]
[SourceVersion "1"]
[SourceVersionDate "2016.06.21"]
[SourceQuality "1"]

1. d4 d5 2. c4 e6 3. Nc3 Nf6 4. cxd5 exd5 5. Bg5 Be7 6. Qc2 0-0 7. e3 c6 8. Bd3 Nbd7 9. Nf3 Re8 10. h3 Nf8 11. g4 Ne4 12. Bf4 Bb4 13. a3 Qa5 14. 0-0 Bxc3 15. bxc3 Ng6 16. c4 Nxf4 17. exf4 h5 18. f5 b6 19. Ne5 Bb7 20. cxd5 Ng5 21. f4 Qxd5 22. Qc4 f6 23. Qxd5+ cxd5 24. fxg5 fxe5 25. dxe5 Rxe5 26. Rae1 Rae8 27. Kf2 hxg4 28. Rxe5 Rxe5 29. hxg4 d4 30. Rc1 Rc5 31. Re1 Rc3 32. g6 Bc6 33. Re6 Kf8 34. Rd6 Ke7 35. Rxd4 Rxa3 36. g5 Ra2+ 37. Ke3 Rg2 38. f6+ gxf6 39. gxf6+ Ke8 40. Rd6 Ba4 41. f7+ 1-0

[Event "Ulan-Ude Bajkal op 10th"]
[Site "Ulan-Ude"]
[Date "2014.08.11"]
[Round "7"]
[White "Baterdene, Tsogbayar"]
[Black "Orshonova, Elena"]
[Result "0-1"]
[WhiteElo "1923"]
[BlackElo "1913"]
[PlyCount "138"]
[EventDate "2014.07.07"]
[EventType "swiss"]
[EventRounds "9"]
[EventCountry "RUS"]
[SourceTitle "CBM 161 Extra"]
[Source "ChessBase"]
[SourceDate "2014.08.29"]
[SourceVersion "1"]
[SourceVersionDate "2014.08.29"]
[SourceQuality "1"]

1. e4 e5 2. Nf3 Nc6 3. Bb5 Nf6 4. d3 d6 5. c3 a6 6. Ba4 b5 7. Bb3 Be7 8. 0-0 0-0 9. h3 Na5 10. Bc2 c5 11. Re1 Qc7 12. Nbd2 Re8 13. Nf1 Bf8 14. Bg5 Nd7 15. d4 h6 16. Be3 Nf6 17. d5 g6 18. b3 Bg7 19. a4 Bd7 20. N1d2 Nb7 21. c4 bxa4 22. bxa4 Na5 23. Bb3 Rab8 24. Bc2 Rb4 25. Qe2 Rb2 26. Qd3 Reb8 27. Reb1 Rxb1+ 28. Nxb1 Nxe4 29. Bxh6 Bxh6 30. Qxe4 Bf5 31. Qe2 Rb2 32. Na3 Nb3 33. Rb1 Rxb1+ 34. Bxb1 Bxb1 35. Nxb1 Qa5 36. Qd3 Qxa4 37. Nc3 Qa1+ 38. Kh2 Nd4 39. g3 Nxf3+ 40. Qxf3 Qa3 41. Kg2 f5 42. Qd3 e4 43. Qc2 Bg7 44. Na4 Qf3+ 45. Kf1 Bd4 46. Ke1 e3 47. fxe3 Qxe3+ 48. Kd1 Qg1+ 49. Ke2 Qxg3 50. Qb1 Qe3+ 51. Kd1 Qg1+ 52. Kc2 Qxb1+ 53. Kxb1 Kf7 54. Nb6 Ke7 55. Kc2 Kd8 56. Kd3 g5 57. Na8 a5 58. Nb6 Kc7 59. Na4 g4 60. hxg4 fxg4 61. Ke4 g3 62. Kf3 Be5 63. Kg2 Kd7 64. Kf3 Ke7 65. Nb6 Kf6 66. Nd7+ Kf5 67. Nb6 Kg5 68. Nd7 a4 69. Nxe5 dxe5 0-1

[Event "Ulan-Ude Bajkal op 10th"]
[Site "Ulan-Ude"]
[Date "2014.08.11"]
[Round "6"]
[White "Orshonova, Elena"]
[Black "Bainov, Boris"]
[Result "1-0"]
[WhiteElo "1913"]
[BlackElo "1817"]
[PlyCount "59"]
[EventDate "2014.07.07"]
[EventType "swiss"]
[EventRounds "9"]
[EventCountry "RUS"]
[SourceTitle "CBM 161 Extra"]
[Source "ChessBase"]
[SourceDate "2014.08.29"]
[SourceVersion "1"]
[SourceVersionDate "2014.08.29"]
[SourceQuality "1"]

1. e4 c5 2. Nf3 d6 3. d4 cxd4 4. Nxd4 Nf6 5. Nc3 a6 6. Bg5 e6 7. f4 Be7 8. Qf3 Nc6 9. 0-0-0 Qb6 10. Nb3 e5 11. f5 Bd7 12. Be3 Qc7 13. g4 h6 14. Be2 Rc8 15. h4 b5 16. g5 Ng8 17. Nd5 Qb8 18. Kb1 Bd8 19. gxh6 Nxh6 20. Qg2 Bf6 21. Nxf6+ gxf6 22. Qg7 Ke7 23. Bg5 fxg5 24. hxg5 Rcg8 25. Qf6+ Ke8 26. gxh6 Ne7 27. h7 Rf8 28. Rxd6 Qc7 29. Qxe5 a5 30. f6 1-0

[Event "Buryatia-ch Superfinal 2nd"]
[Site "Ulan-Ude"]
[Date "2014.01.09"]
[Round "7"]
[White "Orshonova, Elena"]
[Black "Brylev, Igor"]
[Result "0-1"]
[WhiteElo "1849"]
[BlackElo "2161"]
[PlyCount "100"]
[EventDate "2014.01.05"]
[EventType "swiss"]
[EventRounds "9"]
[EventCountry "RUS"]
[SourceTitle "EXT 2015"]
[Source "ChessBase"]
[SourceDate "2014.11.20"]
[SourceVersion "1"]
[SourceVersionDate "2014.11.20"]
[SourceQuality "1"]

1. e4 c5 2. f4 d5 3. exd5 Qxd5 4. Nc3 Qd8 5. Bb5+ Bd7 6. Bxd7+ Qxd7 7. Nf3 Nc6 8. 0-0 g6 9. d3 Bg7 10. Be3 b6 11. Kh1 Nf6 12. h3 0-0 13. Rb1 Nd5 14. Nxd5 Qxd5 15. a3 Rad8 16. Qe2 e6 17. Rfd1 Nd4 18. Bxd4 cxd4 19. Qe4 Qd6 20. Rdc1 Rfe8 21. Ne5 Qd5 22. Re1 Bxe5 23. fxe5 Qxe4 24. Rxe4 Rd5 25. Rbe1 Rc8 26. R1e2 Rdc5 27. Rxd4 Rxc2 28. Rde4 Rxe2 29. Rxe2 Rc1+ 30. Kh2 Rd1 31. Re3 Rd2 32. b4 Ra2 33. d4 Rd2 34. Kg3 Rxd4 35. Kf3 a5 36. bxa5 bxa5 37. Rc3 Ra4 38. Ke3 Kg7 39. Kd3 g5 40. Ke3 h5 41. Kf3 Kg6 42. Rb3 Kf5 43. Re3 g4+ 44. hxg4+ hxg4+ 45. Kg3 Re4 46. Rxe4 Kxe4 47. Kxg4 Kxe5 48. Kf3 Kd4 49. Kf4 e5+ 50. Kf3 Kd3 0-1

[Event "Buryatia-ch Superfinal 2nd"]
[Site "Ulan-Ude"]
[Date "2014.01.08"]
[Round "6"]
[White "Mogloev, Alexander"]
[Black "Orshonova, Elena"]
[Result "1/2-1/2"]
[WhiteElo "1815"]
[BlackElo "1849"]
[PlyCount "57"]
[EventDate "2014.01.05"]
[EventType "swiss"]
[EventRounds "9"]
[EventCountry "RUS"]
[SourceTitle "EXT 2015"]
[Source "ChessBase"]
[SourceDate "2014.11.20"]
[SourceVersion "1"]
[SourceVersionDate "2014.11.20"]
[SourceQuality "1"]

1. c4 e5 2. Nc3 Nf6 3. g3 c6 4. d4 exd4 5. Qxd4 d5 6. cxd5 Nxd5 7. Nxd5 Qxd5 8. Qxd5 cxd5 9. Bg2 Be6 10. Bd2 Nc6 11. Nf3 Rc8 12. 0-0 f6 13. Bc3 Kf7 14. Rfd1 Bc5 15. e3 Rhd8 16. Rac1 Be7 17. Nd4 Nxd4 18. Bxd4 a6 19. Bb6 Rxc1 20. Rxc1 Rd7 21. a3 Bd6 22. f4 f5 23. Kf2 Be7 24. Bd4 Bf6 25. h3 Ke7 26. Bf3 Bxd4 27. exd4 Kd6 28. g4 g6 29. Ke3 1/2-1/2